| 000 | 00973pam a2200277 i 4500 | ||
|---|---|---|---|
| 999 |
_c26586 _d26586 |
||
| 001 | 1338079 | ||
| 003 | ARRUPE | ||
| 005 | 20170803101706.0 | ||
| 008 | 791210s1980 enk b 001 0 eng | ||
| 010 | _a 79041314 | ||
| 015 | _aGB80 | ||
| 020 |
_a0198246099 (Oxford University Press) : _c£12.50 |
||
| 020 | _a0198246366 (Oxford University Press : pbk.) | ||
| 040 |
_aDLC _cDLC _dDLC |
||
| 050 | 0 | 0 |
_aB843 _b.R43 |
| 082 | 0 | 0 | _a171/.5 |
| 100 | 1 |
_aRegan, Donald. _934535 |
|
| 245 | 1 | 0 |
_aUtilitarianism and co-operation / _cDonald Regan. |
| 260 |
_aOxford : _bClarendon Press ; _aNew York : _bOxford University Press, _c1980. |
||
| 300 |
_axiv, 279 p. ; _c22 cm. |
||
| 504 | _aIncludes bibliographical references and index. | ||
| 650 | 0 |
_aUtilitarianism. _91723 |
|
| 650 | 0 |
_aCooperation. _98004 |
|
| 856 | 4 | 2 |
_3Publisher description _uhttp://www.loc.gov/catdir/enhancements/fy0637/79041314-d.html |
| 906 |
_a7 _bcbc _corignew _d1 _eocip _f19 _gy-gencatlg |
||
| 942 |
_2lcc _cMONOGRAPH |
||